000 00440nam a2200181Ia 4500
001 410
005 20260306140515.0
008 260306t2007||||xx |||||||||||||| ||spa||
041 _aESP
082 _a111
_bG11
100 _aGabilondo, Angel
_eAUT
245 0 _aLa vuelta del otro :
_bdiferencia, identidad, alteridad
260 _c2007
300 _a227 páginas :
_c23 cm.
650 _aGEN
654 _aCHU
942 _cLIB
_dJUS
_fJUS
_2ddc
_n
999 _c410
_d410